000 00623nam a2200217 a 4500
999 _c3638
_d3638
001 3638
003 BD-JhCC
005 20171119090204.0
008 171115s1976 b ||||| |||| 00| 0 ben d
035 _a(BD-JhCC)
040 _aBD-JhCC
_dBD-JhCC
041 _aben
082 _a891.4435
_bRAH 1976
100 _aরহমান, আতোয়ার
245 _aতেরো নদীর পারে /
_cআতোয়ার রহমান
260 _aঢাকা :
_bমুক্তধারা,
_c১৯৭৬
300 _a119 p. :
_c20cm.
650 _aShort stories
942 _2ddc
_cBK